| 000 | 04694cam a22017894i 4500 | ||
|---|---|---|---|
| 003 | PE-LiUPU | ||
| 005 | 20250813165337.0 | ||
| 008 | 160306s r 000 0 spa d | ||
| 020 | _a9786071509475 | ||
| 020 | _a6071509475 | ||
| 035 | _a(Sirsi) a156395 | ||
| 040 |
_aPE-LiUPU _bspa _cPE-LiUPU _erda |
||
| 082 | 0 | 4 |
_a610.75 _bM4 |
| 100 | 1 |
_aMartínez Montaño, María del Lurdez Consuelo, _e autor. |
|
| 245 |
_aMetodología de la investigación para el área de la salud / _cMaría del Lurdez Consuelo Martínez Montaño, Rosendo Briones Rojas, José Gaspar Rodolfo Cortés Riveroll. |
||
| 250 | _aSegunda edición. | ||
| 264 |
_aMéxico : _bMcGraw-Hill, _c2013 |
||
| 300 |
_a175 páginas : _bilustraciones ; _c23 centímetros |
||
| 336 |
_atext _2rdacontent |
||
| 337 |
_aunmediated _2rdamedia |
||
| 338 |
_avolume _2rdacarrier |
||
| 505 | 0 | _aRasgos históricos de los métodos de investigación científica en medicina -- Investigación en salud -- Importancia de la metodología de la investigación -- El problema científico -- Objetivos de la investigación -- Marco teórico en la investigación científica -- Diseño metodológicos para la investigación en el área de la salud -- Recolección de datos -- Cómo elegir la prueba estadística -- Estudios de casos y controles -- Seire de casos -- Estudios de cohorte -- Experimentos y cuasiexpertimentos -- Metodologia de la investigación en la epidemiología -- El informe final de la investigación -- La estructura del protocolo de investigación y de la tesis -- Responsabilidad profesional en la investigación clínca. | |
| 526 | _aP203 | ||
| 526 | _aP200 | ||
| 526 | _aSEG65 | ||
| 526 | _aSEG64 | ||
| 526 | _aSEG63 | ||
| 526 | _aSEG62 | ||
| 526 | _aSEG61 | ||
| 526 | _aSEG60 | ||
| 526 | _aSEG59 | ||
| 526 | _aSEG58 | ||
| 526 | _aSEG57 | ||
| 526 | _aSEG56 | ||
| 526 | _aSEG55 | ||
| 526 | _aSEG54 | ||
| 526 | _aSEG53 | ||
| 526 | _aSEG52 | ||
| 526 | _aSEG51 | ||
| 526 | _aSEG50 | ||
| 526 | _aSEG49 | ||
| 526 | _aSEG48 | ||
| 526 | _aSEG47 | ||
| 526 | _aSEG46 | ||
| 526 | _aSEG24 | ||
| 526 | _aSEG23 | ||
| 526 | _aSEG22 | ||
| 526 | _aSEG21 | ||
| 526 | _aSEG20 | ||
| 526 | _aSEG19 | ||
| 526 | _aSEG18 | ||
| 526 | _aSEG17 | ||
| 526 | _aSEG16 | ||
| 526 | _aSEG14 | ||
| 526 | _aSEG13 | ||
| 526 | _aSEG12 | ||
| 526 | _aSEG11 | ||
| 526 | _aSEG10 | ||
| 526 | _aSEG09 | ||
| 526 | _aSEG06 | ||
| 526 | _aSEG05 | ||
| 526 | _aSEG04 | ||
| 526 | _aSEG03 | ||
| 526 | _aSEG02 | ||
| 526 | _aSEG68 | ||
| 526 | _aSEG66 | ||
| 526 | _aSEG45 | ||
| 526 | _aSEG25 | ||
| 526 | _aSEG01 | ||
| 526 | _aP163 | ||
| 526 | _aP162 | ||
| 526 | _aP161 | ||
| 526 | _aP160 | ||
| 526 | _aP159 | ||
| 526 | _aP158 | ||
| 526 | _aP157 | ||
| 526 | _aP156 | ||
| 526 | _aP155 | ||
| 526 | _aP154 | ||
| 526 | _aP153 | ||
| 526 | _aP152 | ||
| 526 | _aP151 | ||
| 526 | _aP150 | ||
| 526 | _aP149 | ||
| 526 | _aP142 | ||
| 526 | _aP141 | ||
| 526 | _aP140 | ||
| 526 | _aP139 | ||
| 526 | _aP138 | ||
| 526 | _aP137 | ||
| 526 | _aP132 | ||
| 526 | _aP131 | ||
| 526 | _aP130 | ||
| 526 | _aP126 | ||
| 526 | _aP125 | ||
| 526 | _aP124 | ||
| 526 | _aP123 | ||
| 526 | _aP115 | ||
| 526 | _aP122 | ||
| 526 | _aP121 | ||
| 526 | _aP116 | ||
| 526 | _a P114 | ||
| 526 | _aP112 | ||
| 526 | _aP111 | ||
| 526 | _aP104 | ||
| 526 | _aP103 | ||
| 526 | _aP102 | ||
| 526 | _aP101 | ||
| 526 | _aP100 | ||
| 526 | _aP96 | ||
| 526 | _aP95 | ||
| 526 | _aP93 | ||
| 526 | _aP92 | ||
| 526 | _aP91 | ||
| 526 | _aP88 | ||
| 526 | _aP83 | ||
| 526 | _aP82 | ||
| 526 | _aP79 | ||
| 526 | _aP78 | ||
| 526 | _aP75 | ||
| 526 | _aP74 | ||
| 526 | _aP71 | ||
| 526 | _aP69 | ||
| 526 | _a P51 | ||
| 526 | _aP49 | ||
| 526 | _aP48 | ||
| 526 | _aP47 | ||
| 526 | _aP33 | ||
| 526 | _aP31 | ||
| 526 | _a P30 | ||
| 526 | _aP29 | ||
| 526 | _aP27 | ||
| 526 | _aP26 | ||
| 526 | _aP25 | ||
| 526 | _aP24 | ||
| 526 | _a P22 | ||
| 526 | _aP10 | ||
| 526 | _aP09 | ||
| 526 | _a P08 | ||
| 526 | _aP06 | ||
| 526 | _aP05 | ||
| 526 | _aP04 | ||
| 526 | _aP01 | ||
| 650 | 0 | 4 |
_aCiencias médicas _xMetodología _vInvestigación. |
| 596 | _a1 | ||
| 700 | 1 |
_aBriones Rojas, Rosendo, _eautor. |
|
| 700 | 1 |
_aCortés Roveroll, José Gaspar Rodolfo, _eautor. |
|
| 942 |
_2ddc _cBOOK |
||
| 949 |
_a610.75 M4 _wDEWEY _c1 _i72843 _lCCODEBUL1 _mBUL _p19,22 _r0 _sY _tBOOK _u2016-04-05 _oSTAFF.Coleción General. |
||
| 999 |
_a610.75 M4 _wDEWEY _c9075 _i72843 _f2021-11-3 _g5 _lCCODEBUL1 _mBUL _p19.00 _r0 _sY _tBOOK _u2016-3-6 _xSALUD _PP69 _0COMPRA _d9075 |
||
| 980 |
_81 _gALBERTO SANCHEZ Responsable de Automatización |
||